Lý thuyết cánh Tập 1 Cơ sở lý thuyết thiết kế và khảo sát bơm, quạt, tuabin và máy nén khí hiện đại

Nội dung tài liệu trình bày về hàm biến phức dùng trong cơ chất lỏng và lý thuyết cánh, động lực học chất lỏng chuyển động. Trình bày khái quát về nhiệt động học chất lỏng lý tưởng, khí động học một thứ nguyên - dòng đẳng entropi, phu...

Descrizione completa

Salvato in:
Dettagli Bibliografici
Autore principale: Trần Văn Đắc
Natura: Libro
Lingua:Vietnamese
Pubblicazione: H. Khoa học và Kỹ thuật 2011
Soggetti:
Tags: Aggiungi Tag
Nessun Tag, puoi essere il primo ad aggiungerne! !
Thư viện lưu trữ: Thư viện Trường Đại học Nam Cần Thơ
LEADER 01907aam a22002298a 4500
001 NCT_6058
008 111216s2011 ||||||viesd
999 |c 307  |d 307 
020 |c 107000 
082 0 4 |2 23rd ed.  |a 621.6  |b Đ113 
100 1 |a Trần Văn Đắc 
245 1 0 |a Lý thuyết cánh  |n Tập 1  |p Cơ sở lý thuyết thiết kế và khảo sát bơm, quạt, tuabin và máy nén khí hiện đại  |c Trần Văn Đắc 
260 |a H.  |b Khoa học và Kỹ thuật  |c 2011 
300 |a 375tr.  |b hình vẽ, bảng  |c 24cm 
500 |a Tên sách ngoài bìa: T.1: Cơ sở lý thuyết thiết kế và khảo sát bơm, quạt, tuabin và máy nén khí 
520 3 |a Nội dung tài liệu trình bày về hàm biến phức dùng trong cơ chất lỏng và lý thuyết cánh, động lực học chất lỏng chuyển động. Trình bày khái quát về nhiệt động học chất lỏng lý tưởng, khí động học một thứ nguyên - dòng đẳng entropi, phương pháp tốc độ dòng hai thứ nguyên trong chất lỏng chịu nén, dòng siêu ấm hai thứ nguyên với nhiễu nhỏ, phương pháp đường đặc trưng và sóng xung kích 
655 7 |a Giáo trình 
942 |2 ddc  |c BK 
952 |0 0  |1 0  |2 ddc  |4 0  |6 621_600000000000000_Đ113  |7 0  |9 1598  |a 000001  |b 000001  |d 2017-10-18  |o 621.6 Đ113  |p MD.01566  |r 2017-10-18  |v 107000.00  |w 2017-10-18  |y BK 
952 |0 0  |1 0  |2 ddc  |4 0  |6 621_600000000000000_Đ113  |7 0  |9 1599  |a 000001  |b 000001  |d 2017-10-18  |o 621.6 Đ113  |p MD.01564  |r 2017-10-18  |v 107000.00  |w 2017-10-18  |y BK 
952 |0 0  |1 0  |2 ddc  |4 0  |6 621_600000000000000_Đ113  |7 0  |9 1600  |a 000001  |b 000001  |d 2017-10-18  |o 621.6 Đ113  |p MD.01565  |r 2017-10-18  |v 107000.00  |w 2017-10-18  |y BK 
980 |a Thư viện Trường Đại học Nam Cần Thơ